Fr. Conceicao Rodrigues College of Engineering

Foundations of the semantic web XML RDF and ontology (Record no. 29677)

MARC details
000 -LEADER
fixed length control field 00373nam a2200157Ia 4500
082 ## - DEWEY DECIMAL CLASSIFICATION NUMBER
Classification number 4.65
Item number AKE
100 ## - MAIN ENTRY--PERSONAL NAME
Personal name Akerkar/Rajendra
245 ## - TITLE STATEMENT
Title Foundations of the semantic web XML RDF and ontology
260 ## - PUBLICATION, DISTRIBUTION, ETC.
Name of publisher, distributor, etc. Narosa Publication House
Date of publication, distribution, etc. 2009
366 ## - TRADE AVAILABILITY INFORMATION
Publishers's discount category 20
300 ## - PHYSICAL DESCRIPTION
Extent 206
546 ## - LANGUAGE NOTE
Language note ENGLISH
-- electronics
650 ## - SUBJECT ADDED ENTRY--TOPICAL TERM
Topical term or geographic name entry element Semantic web
942 ## - ADDED ENTRY ELEMENTS (KOHA)
Koha item type BOOK
Holdings
Withdrawn status Lost status Damaged status Not for loan Collection Home library Current library Date acquired Source of acquisition Cost, normal purchase price Inventory number Total Checkouts Full call number Barcode Date last seen Cost, replacement price Price effective from Koha item type
        CRC Fr. Agnel's C.Rodrigues College of Engineering Fr. Agnel's C.Rodrigues College of Engineering 17/03/2023 Narosa Book Distributors 292.00 264 dt 22/05/2013   4.65 AKE 22681 17/03/2023 365.00   BOOK